000
00268 a2200085 4500
020
_a
978-0812236231
100
_a
Marc Treib
245
_a
The Architecture of Landscape, 1940-1960 (Penn Studies in Landscape Architecture)
260
_b
University of Pennsylvania Press
_c
2002
999
_c
13649
_d
13649